000 00271nam a2200121Ia 4500
005 20251222155158.0
008 251222s9999||||xx |||||||||||||| ||spa||
082 _aESC. 70
100 _aOPS / OMS.
245 0 _aRepindex - El Cólera
264 _bOPS/OMS
942 _cLIB
999 _c39846
_d39846